banner koha

Brasil na Antártica: 25 anos de história (Registro n. 338679)

MARC details
000 -LÍDER
Campo de controle fixo 00954nam a22003377a 4500
001 - NÚMERO DE CONTROLE
Número de controle BR2025003840
003 - CÓDIGO MARC DA AGÊNCIA CATALOGADORA
Campo de controle BR-BrBNA
005 - DATA E HORA DA ÚLTIMA ATUALIZAÇÃO
Campo de controle 20251014222012.0
008 - CAMPO DE TAMANHO FIXO
Campo fixo de controle 251014b bl.||||| |||| 00| 0 por d
020 ## - ISBN - INTERNATIONAL STANDARD BOOK NUMBER
ISBN 85-85562-35-16
040 ## - FONTE DA CATALOGAÇÃO
Agência catalogadora BR-BrBNA
Idioma da catalogação por
041 ## - CÓDIGO DO IDIOMA
Código do Idioma por
072 ## - CATEGORIA AGRIS
Código da categoria de assunto/objeto <a href="A50 ; B50 ; M40 ; P01">A50 ; B50 ; M40 ; P01</a>
090 ## - NÚMERO DE CHAMADA
Localização na estante A50 BR2025003840
100 0# - ENTRADA PRINCIPAL - NOME PESSOAL
Nome pessoal Souza, José Eduardo Borges de
245 ## - TÍTULO PRINCIPAL
Título principal Brasil na Antártica: 25 anos de história
Subtítulo Programa Antártico Brasileiro - Comissão Interministerial para os Recursos do Mar
260 ## - IMPRENTA (PUBLICAÇÃO, DISTRIBUIÇÃO, ETC.)
Lugar de publicação, distribuição, etc. São Carlos, SP (Brasil)
Nome do editor, distribuidor, etc. Vento Verde
Data de publicação, distribuição, etc 2008
300 ## - DESCRIÇÃO FÍSICA
Extensão 167 p.
500 ## - NOTA GERAL
Notas gerais 250 illus.
650 ## - ASSUNTO - THESAGRO
Cabeçalho tópico ou nome geográfico ANTÁRTICA
650 ## - ASSUNTO - THESAGRO
Cabeçalho tópico ou nome geográfico ESTAÇÃO
650 ## - ASSUNTO - THESAGRO
Cabeçalho tópico ou nome geográfico BRASIL
650 ## - ASSUNTO - THESAGRO
Cabeçalho tópico ou nome geográfico HISTÓRIA
650 ## - ASSUNTO - THESAGRO
Cabeçalho tópico ou nome geográfico PESQUISA
650 ## - ASSUNTO - THESAGRO
Cabeçalho tópico ou nome geográfico AMBIENTE MARINHO
650 ## - ASSUNTO - THESAGRO
Cabeçalho tópico ou nome geográfico FAUNA BÊNTICA
650 ## - ASSUNTO - THESAGRO
Cabeçalho tópico ou nome geográfico FLORA BÊNTICA
650 ## - ASSUNTO - THESAGRO
Cabeçalho tópico ou nome geográfico PRESERVAÇÃO DA NATUREZA
909 ## - IDENTIFICAÇÃO DO CATALOGADOR
Ano e mês da catalogação (aaaamm) 202510
Identificação do catalogador Fernando
942 ## - TIPO ESPECÍFICO
Tipo de material Livros
952 ## - LOCATION AND ITEM INFORMATION (KOHA)
-- 2025-10-14
Exemplares
Status de empréstimo Fonte de classificação Status de danificação Não pode ser emprestado Código da coleção Localização permanente Localização atual Localização na estante Total Checkouts Número de chamada Código de barras Tipo de material
  Classificação AGRIS     Agrobase Biblioteca Nacional de Agricultura - Binagri Biblioteca Nacional de Agricultura - Binagri Agrobase - Acervo Geral   A50 BR2025003840 2025-6238 Livros

BINAGRI

Telefone: (61)3218-2567/2388/3357/2097 - binagri@agro.gov.br

Ministério da Agricultura e Pecuária , Esplanada dos Ministérios, Bloco D, Anexo B, Brasília/DF, CEP: 70.043-900